00618nam a2200181 a 450000100100000000500170001000800410002704000250006808200180009310000320011124500900014326000480023330000280028149000270030950400410033665000320037783000270040900000734520200929154136.0090908s1986 dr a 001 0 spa d aDO-SdBNPbspacBNPHU a614.07bB731e1 aBorrell Bentz, Rosa María13aLa educación para la salud en República Dominicana /cRosa María Borrell Bentz. aSanto Domingo :bUniversitaria-UASD,c1986. a137 p. :bil. ;c21 cm.1 aSalud y sociedad ;v12 aIncluye referencias bibliográficas 4aEducacion en saludxMetodos 0aSalud y sociedad ;n12